02447cam a22003735a 450000100090000000300090000900500170001800800410003502000180007604000460009408200200014010000330016024500670019326400440026030000290030433600260033333700280035933800270038749000350041450400510044950502750050052007080077565000410148365000390152465000420156365100100160565300270161565500240164294200120166699900170167895201260169595201260182195201260194720680581EG-ScBUE20220508120057.0180911s2019 enk f b 001 0 eng d a9781138600447 aLBSOR/DLCbengerdacLBSORdDLCdEG-ScBUE04a418.02bBAK2221 aBaker, Mona,eauthor.93980110aTranslation and conflict :ba narrative account /cMona Baker. 1aLondon ;aNew York :bRoutledge,c2019. axxi, 203 pages ;c24 cm. 2rdacontentatextbtxt 2rdamediaaunmediatedbn 2rdacarrieravolumebnc0 aRoutledge translation classics aIncludes bibliographical references and index.0 aIntroducing narrative theory -- A typology of narrative -- Understanding how narratives work: features of narrativity I -- Understanding how narratives work: features of narrativity II -- Framing narratives in translation -- Assessing narratives: the narrative paradigm. a"Translation and Conflict was the first book to demonstrate that translators and interpreters participate in circulating as well as resisting the narratives that create the intellectual and moral environment for violent conflict. Drawing on narrative theory and with numerous examples from historical and current conflicts, Mona Baker provides an original and coherent model of analysis that pays equal attention to the circulation of narratives in translation and to questions of dominance and resistance. With a new preface by Sue-Ann Harding, Translation and Conflict is more than ever the essential text for any student or researcher interested in the study of translation and political movements"-- 7aTranslating and interpreting.2BUEsh 7aNarration (Rhetoric)2BUEsh933957 7aDiscourse analysis, Narrative.2BUEsh 2BUEsh bHHUUEENNcNovember2018 vReading book934232 2ddccBB c26983d26955 00102ddc40708BaccahaMAINbMAINc2NDd2018-11-13ePurchaseg580.00l0o418.02 BAKp000043898r2025-07-15 00:00:00yNB 00102ddc40708BaccahaMAINbMAINc2NDd2018-11-13ePurchaseg580.00l0o418.02 BAKp000043899r2025-07-15 00:00:00yBB 00102ddc40708BaccahaMAINbMAINc2NDd2018-11-13ePurchaseg580.00l0o418.02 BAKp000043900r2025-07-15 00:00:00yBB